| 000 | 00544nam a2200157 a 4500 | ||
|---|---|---|---|
| 008 | 120416s1980 ||||||||||||||||| || u | ||
| 020 | _a0442307233 | ||
| 050 | _aHG 4026 Sam | ||
| 100 | _aSamuels, John Malcolm | ||
| 245 | 1 | 0 | _aManagement of company finance |
| 250 | _a3rd ed. | ||
| 260 |
_aWokingham, [Bershire] _bVan Nostrand _c1980 |
||
| 300 | _ax, 497p. : ill. | ||
| 350 | _a0.00 | ||
| 995 |
_D0.00 _FCBU-MAIN LIBRARY (Kitwe) _H1 _I12.50 _M1 _UAVAILABLE _ZAnnex Low-Usage Collection |
||
| 999 |
_c49958 _d49958 |
||